baby names: english words - Statistics

General Stats
  • This quiz has been taken 76 times
  • The average score is 15 of 89
Answer Stats
Name % Correct
Rose
70%
Daisy
52%
Lily
52%
Hope
50%
Ivy
50%
Faith
48%
Violet
48%
Grace
46%
Willow
43%
Hunter
39%
Summer
39%
Olive
37%
Autumn
35%
Iris
35%
River
33%
Hazel
30%
Holly
26%
Mark
26%
Winter
26%
Jade
24%
Jasmine
24%
Joy
24%
Chase
22%
Dean
22%
Angel
20%
Axel
20%
Haven
20%
Nova
20%
Sage
20%
Scarlet
20%
Serenity
20%
Victor
20%
Dahlia
17%
Ember
17%
Poppy
17%
Archer
15%
Aurora
15%
Chance
15%
Mason
15%
Melody
15%
Prince
15%
Wren
15%
Azalea
13%
Cash
13%
Grant
13%
King
13%
Miles
13%
Tanner
13%
Trinity
13%
Baker
11%
Journey
11%
Juniper
11%
Meadow
11%
Phoenix
11%
Piper
11%
Reed
11%
Rosemary
11%
Brooks
9%
Colt
9%
Jay
9%
Raven
9%
Ace
7%
Dream
7%
Felicity
7%
Legend
7%
Reign
7%
Royal
7%
Saint
7%
Walker
7%
Atlas
4%
Crew
4%
Genesis
4%
Harmony
4%
Jasper
4%
Lane
4%
Magnolia
4%
Onyx
4%
Gunner
2%
Liana
2%
Messiah
2%
Sunny
2%
Wade
2%
Banks
0%
Miracle
0%
Navy
0%
Shepherd
0%
Sterling
0%
Warren
0%
Wells
0%
No matching quizzes found
Score Distribution
Percent of People with Each Score
Percentile by Number Answered
Your Score History
You have not taken this quiz